Libertad de expresión en Chile

Saved in:
Bibliographic Details
Main Authors: Anguita, Pedro (Author), Contesse Singh, Jorge (Author), González Morales, Felipe (Author), Lovera, Domingo (Author), Vial, Tomás (Author), Zúñiga, Alejandra (Author)
Format: Book
Language:Spanish
Published: Santiago Universidad Diego Portales 2006
Subjects:
Tags: Add Tag
No Tags, Be the first to tag this record!

MARC

LEADER 00000nam a2200000 a 4500
001 UCJ0838
003 CL-VaPUC
008 060908e20060000CL |||||||||||||||||spa|d
020 |a 9567397775 
082 0 4 |a 323.44  |b ANG  |2 21 
100 0 |a Anguita, Pedro  |e author  |9 501226 
700 0 |a Contesse Singh, Jorge  |e author  |9 501227 
700 |a González Morales, Felipe  |e author  |9 758884 
700 0 |a Lovera, Domingo  |e author  |9 501229 
700 0 |a Vial, Tomás  |e author  |9 501230 
700 0 |a Zúñiga, Alejandra  |e author  |9 501231 
245 1 0 |a Libertad de expresión en Chile 
300 |a 521 p 
942 |c BK 
945 |d 20060908 00:00:00  |a jtorresc 
260 |a Santiago  |b Universidad Diego Portales  |c 2006 
650 0 |a Libertad de expresión   |9 329993 
650 7 |a CONSTITUCIOINES  |2 CL-VaPUC  |9 501232 
650 0 |a Derechos humanos  |9 223025 
650 7 |a DERECHO A LA LIBERTAD DE EXPRESION  |2 CL-VaPUC  |9 345571 
650 0 |a Derecho constitucional   |9 222588 
650 0 |a Libertad de información  |9 257205 
651 7 |a CHILE  |2 CL-VaPUC  |9 501233 
583 |a last modification  |c 20161004 05:26:27  |k Rodrigo Vera 
999 |c 317591  |d 317589 
952 |0 0  |1 0  |4 0  |6 323_440000000000000_ANG_2006  |7 0  |8 A  |9 394141  |a BIBDER  |b BIBDER  |d 2019-11-22  |i 4275713  |l 2  |m 1  |o 323.44 ANG 2006  |p 4275713  |r 2023-09-20  |s 2023-07-28  |w 2019-11-22  |y BK  |k DER